EMS - systémy environmentálneho manažérstva príručka pre stredný a výkonný manažment podnikov : budovanie systému environmentálne orientovaného riadenia podniku podľa noriem radu EN ISO 14000

Podrobná bibliografia
Korporácia: Východoslovenské železiarne. Konzult (Košice, Slovensko) (Autor), Asociácia priemyselnej ekológie na Slovensku (Autor)
Médium: Kniha
Jazyk:slovenčina
Fyzický popis:29 s. sch., tab. 21 cm
Vydavateľské údaje: Bratislava Aspek 1997
ISBN:8096771345
Predmet:

MARC

LEADER 00000nam a2200000 a 4500
001 vtls001150094
003 SK-MaSNL
005 20260301111942.0
008 160208s1997 xo aap r yy 0 slo
015 |a SNBA1998/02-00729 
020 |a 8096771345 
035 |a SNK000092957 
035 |a urn:nbn:sk:snk-amkeog 
035 |a urn:nbn:sk:snk-am002yqt 
035 |a A2B18544-872F-4B68-A17E-48BE2A79FEBD 
040 |a SNK  |b slo  |c SNK  |e AACR2 
041 0 |a slo 
044 |a xo  |c SK 
080 |a 65.012.4:504(035)  |2 1981 
080 |a 504  |2 1981 
245 0 0 |a EMS - systémy environmentálneho manažérstva  |b príručka pre stredný a výkonný manažment podnikov : budovanie systému environmentálne orientovaného riadenia podniku podľa noriem radu EN ISO 14000 
260 |a Bratislava  |b Aspek  |c 1997 
300 |a 29 s.  |b sch., tab.  |c 21 cm 
500 |a Spracoval kolektív autorov VSŽ Konzult a Agentúry ASPEK 
504 |a Bibliogr. s. 69 
650 0 7 |a manažment environmentálny  |x systémy  |x príručky  |2 SNK  |9 451933 
655 7 |a príručky  |2 SNK  |9 74364 
710 0 |a Východoslovenské železiarne.  |b Konzult (Košice, Slovensko)  |4 aut  |9 34608 
710 0 |a Asociácia priemyselnej ekológie na Slovensku  |4 aut  |9 98084 
919 |a 80-967713-4-5 
958 |a OND 
958 |a TL 
958 |a NB 
958 |a BQ 
999 |c 708960  |d 710890 
952 |t P60, <09>, [BOOK], {629}  |a SNK  |b SNK  |y NEVYP  |7 0  |o snkD 685  |i snk4547/971016  |0 0  |1 0  |4 0  |d 1997-10-10  |l 0  |r 2005-01-01 00:00:00  |w 2026-02-23 
952 |t P60, <03>, [BOOK], {603}  |a SNK  |b SNK  |y PREZ  |7 0  |p 17A0100629  |o snkSC 94240  |i snkKSP 10564/97  |0 0  |1 0  |4 0  |d 1997-10-10  |f 1  |l 0  |r 2025-09-11 00:00:00  |w 2026-02-23 
952 |t P60, <04>, [BOOK], {604}  |a SNK  |b SNK  |y VYP  |7 0  |p 17A0100630  |o snkSC 94240 D1  |i snkKSP 10565/97  |0 0  |1 0  |4 0  |d 1997-10-10  |l 0  |r 2005-01-01 00:00:00  |w 2026-02-23